00985nam a2200241 i 4500003000900000005001700009007000300026008004100029020001500070040003000085082002100115245010600136264007800242264001000320300003500330336002700365337003400392338002800426500008900454500005100543520010500594700004400699DO-SdBNP20240906141125.0ta240906s1971 xxu 000 j spa d a0837158001 aDO-SdBNPbspacBNPHUerda a972.94bH67322200aHistory of the island of St. Domingo :bfrom ist first discovery by columbus to the present period. / 1aWestport, Connecticut, Estados Unidos :bNegro universities press,c1818. 3c1971. aviii, 266 páginas, c23 cm. atextobtxt2rdacontent asin mediación bn2rdamedia avolumenbnc2rdacarrier aPublicado originalmente en 1818 en Londres. Reimpreso en 1824 por Mahlon Day, NY.  aLa biblioteca posee la reimpresión del 1971. aHistoria de la isla de Santo Domingo, desde su primer descubrimiento por Colón hasta el presente.  4Sir.aBarskett, James,esupuesto autor.